| 000 | 00413nam a2200193Ia 4500 | ||
|---|---|---|---|
| 001 | 10927 | ||
| 003 | OSt | ||
| 005 | 20251204143542.0 | ||
| 008 | 211022s9999 xx 000 0 und d | ||
| 040 | _cIVS | ||
| 082 | _a891.439891 QAS | ||
| 100 | _aQasmi, Zia ul Haq | ||
| 245 | 0 | _aMujhe yad aya | |
| 260 | _aKarachi | ||
| 260 | _bQasmi Publications | ||
| 260 | _c2002 | ||
| 300 | _a312 | ||
| 942 |
_cBK _2ddc _n0 |
||
| 999 |
_c12358 _d12358 |
||